00966cam a2200253 p 4500001000800000005001700008008004100025010001400066015001100080020002500091040001800116050002100134082002300155100004100178245012900219260003200348300002600380500006300406504005400469650002700523942001200550999001700562952013300579274280619890110000000.0780822s1978 ne b 000 0 eng  a78311467  aNe78-8 a9026809794cfl 45.00 aDLCcDLCdDLC00aK4118b.H33 197800a341.75678219bHAA1 aHaanappel, Peter P. C.,d1949-9761110aRatemaking in International Air Transport :bA Legal Analysis of International Air Fares and Rates /cPeter P. C. Haanappel. aDeventer :bKluwer,cc1978. axii, 172 p. ;c25 cm. aBased on the author's thesis, McGill University, Montreal. aIncludes bibliographical references (p. 163-172). 0aAirlinesxRates.97612 2ddccBB c12210d12210 00102ddc40708AlahramaMAINbMAINc1STd2009-07-06epurchaseg19.30h72l0o341.75678 HAAp000017350r2025-07-15 00:00:00yBB